| 000 | 01167nam a22002657a 4500 | ||
|---|---|---|---|
| 005 | 2011031103573.0 | ||
| 010 | _aENG-102109 B-452326 | ||
| 020 |
_a9788184840858 _c1550.00 |
||
| 035 | _aEN-85642 B-452326 | ||
| 037 | _bDBAD / PUB | ||
| 037 | _bVirtuous Pub/Ven | ||
| 082 | _a658.1 | ||
| 100 |
_aJain, J. N. _941712 |
||
| 245 |
_aModern organisational behaviour : _cby J. N. Jain [and] Ajay Bhola _bprinciples and techniques / |
||
| 260 |
_aNew Delhi _bRegal Publications _c2010 |
||
| 270 |
_aF-159, Rajouri Garden _bNew Delhi _e110027 |
||
| 300 |
_ax, 321p. _c24cm (Hb) |
||
| 500 | _aIncludes index | ||
| 700 |
_926477 _aBhola, Ajay |
||
| 700 | _926505 | ||
| 942 |
_2ddc _cEN _mJAI _h658.1 |
||
| 999 |
_c51017 _d51017 |
||